• 首页
  • 本馆介绍
  • 公告通知
  • 最新文献
  • 馆藏检索
  • 电子资源
  • 读者导购
  • 参考咨询
  • 我的图书馆
  • 登录
  • 详细信息显示
  • 放入我的书架
  • 预约/预借图书
  • 作者相关作品
  • 分类相关作品
  • 丛书相关作品
  • 出版社相关作品

书目信息

  • 表格格式
  • 工作单格式
  • 卡片格式
题名:
反对本本主义
    
 
作者: 毛泽东 著
分册:  
出版信息: 北京   人民出版社  1976
页数: 13页
开本: 20cm
丛书名:
单 册:
中图分类: A423
科图分类:
主题词: 毛泽东著作--单行本--1930 , 理论联系实际-毛泽东著作
电子资源:
ISBN:
000 00604nam0 2200229 45
001 0176003893
005 20060925150145.00
010    @dCNY0.06
091    @aCN@b1001.1055
100    @a19950109d1976 em y0chiy0121 ea
101 0  @achi
102    @aCN@b110000
105    @ay z 000yy
200 10 @a反对本本主义@Afan dui ben ben zhu yi@f毛泽东著
210    @a北京@c人民出版社@d1976
215    @a13页@d20cm
606    @a毛泽东著作@x单行本@z1930
606    @a理论联系实际-毛泽东著作
690    @aA423@v3
701  0 @a毛泽东@Amao ze dong@4著
801  0 @aCN@bTSSF@c20060925
905    @a10447@dA423@e20
    
    反对本本主义/毛泽东著.-北京:人民出版社,1976
    13页;20cm
    
    
    ISBN :CNY0.06
    
●
相关链接 在E读中查询图书 在五车中查询图书 在当当中查询图书 在豆瓣中查询图书


正题名:反对本本主义     索取号:A423/20         预约/预借

序号 登录号 条形码 馆藏地/架位号 状态 备注
1 0422727   204227274   密集书库/ [索取号:A423/20] 在馆    
2 0424688   204246887   密集书库/ [索取号:A423/20] 在馆    
3 0426044   204260441   密集书库/ [索取号:A423/20] 在馆    
4 0426045   204260450   密集书库/ [索取号:A423/20] 在馆    
5 0426046   204260469   密集书库/ [索取号:A423/20] 在馆    
6 0426380   204263803   密集书库/ [索取号:A423/20] 在馆    
7 0426381   204263812   密集书库/ [索取号:A423/20] 在馆    
8 0426382   204263821   密集书库/ [索取号:A423/20] 在馆    
唐山师范学院图书馆 欢迎您!
大连网信软件有限公司© 版权所有